Ruth : (Record no. 9335)

MARC details
000 -LEADER
fixed length control field 01590cam a2200361 a 4500
001 - CONTROL NUMBER
control field 15805348
003 - CONTROL NUMBER IDENTIFIER
control field GBCCL
005 - DATE AND TIME OF LATEST TRANSACTION
control field 20241126110710.0
008 - FIXED-LENGTH DATA ELEMENTS--GENERAL INFORMATION
fixed length control field 090707s2010 txu b 001 0 eng
010 ## -
-- 2009027671
020 ## - INTERNATIONAL STANDARD BOOK NUMBER
International Standard Book Number 9781932792911 (pbk. : alk. paper)
020 ## - INTERNATIONAL STANDARD BOOK NUMBER
International Standard Book Number 1932792910 (pbk. : alk. paper)
035 ## - SYSTEM CONTROL NUMBER
System control number (OCoLC)ocn318878118
040 ## - CATALOGING SOURCE
Original cataloging agency DLC
Transcribing agency DLC
Modifying agency BTCTA
-- C#P
-- YDXCP
-- BWX
-- UKM
-- CDX
-- HNW
-- DTM
-- DLC
050 00 -
-- BS1315.52
-- .H65 2010
082 00 - DEWEY DECIMAL CLASSIFICATION NUMBER
Classification number 222.35044
Edition information 23
Item number HOL
100 1# - MAIN ENTRY--PERSONAL NAME
Personal name Holmstedt, Robert D.
9 (RLIN) 16268
245 10 - TITLE STATEMENT
Title Ruth :
Remainder of title a handbook on the Hebrew text /
Statement of responsibility, etc. Robert D. Holmstedt.
260 ## - PUBLICATION, DISTRIBUTION, ETC.
Place of publication, distribution, etc. Waco, Tex. :
Name of publisher, distributor, etc. Baylor University Press,
Date of publication, distribution, etc. c2010.
300 ## - PHYSICAL DESCRIPTION
Extent vii, 226 p. ;
Dimensions 19 cm.
490 1# - SERIES STATEMENT
Series statement Baylor handbook on the Hebrew Bible
504 ## - BIBLIOGRAPHY, ETC. NOTE
Bibliography, etc. note Includes bibliographical references (p. 215-221) and indexes.
505 0# - FORMATTED CONTENTS NOTE
Formatted contents note Linguistic background to the grammatical commentary on Ruth -- The role of linguistic features in dating the book -- The use of language to color characters' speech -- Act I -- Act II -- Act III -- Act IV.
630 00 - SUBJECT ADDED ENTRY--UNIFORM TITLE
Uniform title Bible.
Name of part/section of a work Ruth
General subdivision Criticism, Textual.
9 (RLIN) 16269
630 00 - SUBJECT ADDED ENTRY--UNIFORM TITLE
Uniform title Bible.
Name of part/section of a work Ruth.
Language of a work Hebrew
General subdivision Versions.
9 (RLIN) 16270
630 00 - SUBJECT ADDED ENTRY--UNIFORM TITLE
Uniform title Bible.
Name of part/section of a work Ruth
General subdivision Language, style.
9 (RLIN) 16271
650 #0 - SUBJECT ADDED ENTRY--TOPICAL TERM
Topical term or geographic name entry element Hebrew language
General subdivision Grammar.
9 (RLIN) 2513
650 #0 - SUBJECT ADDED ENTRY--TOPICAL TERM
Topical term or geographic name entry element Hebrew language
General subdivision Discourse analysis.
9 (RLIN) 16272
830 #0 -
-- Baylor handbook on the Hebrew Bible series.
-- 16273
906 ## - LOCAL DATA ELEMENT F, LDF (RLIN)
a 7
b cbc
c orignew
d 1
e ecip
f 20
g y-gencatlg
942 ## - ADDED ENTRY ELEMENTS (KOHA)
Source of classification or shelving scheme Dewey Decimal Classification
Koha item type Books
Koha issues (borrowed), all copies 1
Holdings
Withdrawn status Lost status Source of classification or shelving scheme Damaged status Not for loan Home library Current Library Shelving location Date acquired Total checkouts Full call number Barcode Date last seen Date last checked out Copy number Price effective from Koha item type
    Dewey Decimal Classification     GRACE BIBLE COLLEGE GRACE BIBLE COLLEGE Biblical Studies 2022-10-11 1 222.35044 HOL 015809 2025-05-01 2024-08-21 c.1 2022-10-11 Books
© Grace Bible College Library 2025